Loreto College Library, Kolkata
WEBOPAC (ONLINE PUBLIC ACCESS CATALOGUE)

Geohazards (Record no. 43713)

MARC details
000 -LEADER
fixed length control field 00601nam a22002177a 4500
005 - DATE AND TIME OF LATEST TRANSACTION
control field 20240322160733.0
008 - FIXED-LENGTH DATA ELEMENTS--GENERAL INFORMATION
fixed length control field 240322b |||||||| |||| 00| 0 eng d
020 ## - ISBN | অাই এস বি এন
ISBN | অাই এস বি এন 0023229926
PRICE Rs.5436.00
040 ## - CATALOGING SOURCE
Original cataloging agency Loreto College
041 ## - LANGUAGE CODE
Language code English
082 ## - DDC | ডিউই
Classification number | বর্গসংখ্যা 363.7
Book Number | গ্রন্থাঙ্ক COC
100 ## - MAIN ENTRY--PERSONAL NAME | মুখ্য সংলেখ - ব্যাক্তিনাম
Personal name | ব্যাক্তিনাম Coch,Nicholas K.
245 ## - TITLE STATEMENT | অাখ্যা বিবরণী
Title | অাখ্যা Geohazards
Sub title | উপঅাখ্যা Natural and human
Statement of responsibility | লেখকের দায়িত্বের বিবরণ Nicholas K.Coch
260 ## - IMPRINT | প্রকাশনা ক্ষেত্র
Place of publication | প্রকাশ স্থান New Jersey
Name of publisher | প্রকাশকের নাম Prentice Hall
Date of publication | প্রকাশ কাল 1995
300 ## - PHYSICAL DESCRIPTION |
Page / Vol. No | পৃষ্ঠা / খন্ড সংখ্যা xix,481p
Other physical details | অনান্য বাহ্যিক বিবরণ 24cm
504 ## - BIBLIOGRAPHY, ETC. NOTE
Bibliography, etc Includes glossary and index
650 ## - SUBJECT ADDED ENTRY--TOPICAL TERM | বিষয় শিরোনাম - মূল বিষয়
Topical term | মূল বিষয় Natural geohazards
650 ## - SUBJECT ADDED ENTRY--TOPICAL TERM | বিষয় শিরোনাম - মূল বিষয়
Topical term | মূল বিষয় Man made environmental problems
850 ## - HOLDING INSTITUTION
Holding institution LCLIB
942 ## - ADDED ENTRY ELEMENTS (KOHA)
Koha item type Books
Holdings
Withdrawn status Lost status Source of classification Damaged status Not for loan Home library Current library Date acquired Price Total Checkouts Full call number Accession No. Date last seen Price effective from Koha item type Coded location qualifier
    Dewey Decimal Classification     Loreto College Loreto College 22/03/2024 5436.00   363.7 COC 54550 47843 22/03/2024 22/03/2024 Books